| 000 | 00808nam a2200241 a 4500 | ||
|---|---|---|---|
| 005 | 20210223121409.0 | ||
| 008 | 991125s1984 mx 000 0 spa u | ||
| 020 | _a9684110871 | ||
| 035 | _aUPN01000016980 | ||
| 049 | _aCG | ||
| 050 | 4 |
_aHD1471 M6 _bL42 1984 |
|
| 100 | 1 |
_aLeal, Juan Felipe _928968 |
|
| 245 | 1 | 0 |
_aEconomía y sistema de haciendas en México : _bla hacienda pulquera en el cambio : Siglos XVIII, XIX y XX / _cJuan Felipe Leal, Mario Huacuja Rountree. |
| 250 | _a2a ed. | ||
| 260 |
_aMéxico : _bEra, _c1984. |
||
| 300 |
_a200 p. : _bmapas |
||
| 440 | 0 | _aProblemas de México | |
| 650 | 4 |
_aCAMPESINOS - _zMEXICO - _xHISTORIA _95375 |
|
| 650 | 4 |
_aPULQUE _922027 |
|
| 651 | 4 |
_aSAN ANTONIO XALA, MEXICO (HACIENDA)- _xHISTORIA |
|
| 700 | 1 |
_aHuacuja Rountree, Mario, _ecoaut. |
|
| 905 | _aLibro | ||
| 999 |
_c16980 _d16980 |
||